|
|
|
|
| LEADER |
00000nas a22000007a 4500 |
| 005 |
20110909140549.0 |
| 008 |
110909c2006 dk ar|p s|||| 00| a1eng d |
| 022 |
|
|
|a 1661–8610
|
| 035 |
|
|
|a 5676
|
| 040 |
|
|
|a vLex
|
| 090 |
|
|
|c 2410
|d 2410
|
| 245 |
0 |
0 |
|a Ancilla Iuris
|h [Recurso electrn̤ico]
|
| 256 |
|
|
|a Servicio en ln̕ea.
|
| 260 |
|
|
|a [Dinamarca] :
|b Ancilla Iuris,
|c 2006 -
|
| 300 |
|
|
|a 1 recurso electrn̤ico
|
| 310 |
|
|
|a Anual
|
| 362 |
|
|
|a Nm︢. 1 (2006) -
|
| 500 |
|
|
|a Ancilla Iuris offers a professional and state-of-the-art publication platform to advance European contributions on constellations of law and society. Following a interdisciplinary approach, we bring together law with its neighboring disciplines such as Political Sciences, Economics, Sociology, Linguistics, Philosophy, History, Art, Psychology etc.
|
| 506 |
1 |
|
|a Contenido solo disponible en los productos indicados
|d vLex Global
|d vLex Global (Academic Edition, excluding Law Schools)
|d vLex Global (U.S. Academic Edition, Law Schools)
|d vLex Global (U.S. Academic Edition, excluding Law Schools)
|d vLex Global (Academic Edition, Law Schools)
|
| 650 |
0 |
4 |
|a Derecho
|z Dinamarca
|
| 740 |
0 |
|
|a vLex Revistas (Servicio en ln̕ea)
|
| 856 |
4 |
0 |
|u http://vlex.com/source/ancilla-iuris-5676
|z Acceso restringido
|
| 942 |
|
|
|c REV
|